| 000 -LEADER |
| fixed length control field |
00879cam a2200229 a 4500 |
| 020 ## - INTERNATIONAL STANDARD BOOK NUMBER |
| ISBN |
9715615279 (v. 1) |
| 020 ## - INTERNATIONAL STANDARD BOOK NUMBER |
| ISBN |
9715615287 (v. 2) |
| 020 ## - INTERNATIONAL STANDARD BOOK NUMBER |
| ISBN |
9715615139 (v. 3) |
| 040 ## - CATALOGING SOURCE |
| Transcribing agency |
DLC |
| 082 ## - DEWEY DECIMAL CLASSIFICATION NUMBER |
| Classification number |
333 ADB 2004 C156 Or. |
| 245 00 - TITLE STATEMENT |
| Title |
Pacific region environmental strategy, 2005-2009. |
| 260 ## - PUBLICATION, DISTRIBUTION, ETC. (IMPRINT) |
| Place of publication |
Mandaluyong City : |
| Name of publisher |
Asian Development Bank, |
| Year of publication |
2004. |
| 300 ## - PHYSICAL DESCRIPTION |
| Number of Pages |
3 v. : |
| Other physical details |
col. ill., col. maps ; |
| Dimensions |
24-28 cm. |
| 500 ## - GENERAL NOTE |
| General note |
Vol. 2 edited by Daniele Ponzi, David S. McCauley, Lope A. Calanog. |
| 500 ## - GENERAL NOTE |
| General note |
"Publication stock no. 121603, no. 121703, no. 110203"--P. [4] of cover. |
| 650 #0 - SUBJECT ADDED ENTRY--TOPICAL TERM |
| Topical Term |
Environmental policy |
| 650 #0 - SUBJECT ADDED ENTRY--TOPICAL TERM |
| Topical Term |
Environmental management |
| 710 2# - ADDED ENTRY--CORPORATE NAME |
| Corporate name or jurisdiction name as entry element |
Asian Development Bank. |
| 856 42 - ELECTRONIC LOCATION AND ACCESS |
| Uniform Resource Identifier |
http://www.loc.gov/catdir/enhancements/fy0621/2004348193-b.html |
| 856 42 - ELECTRONIC LOCATION AND ACCESS |
| Uniform Resource Identifier |
http://www.loc.gov/catdir/enhancements/fy0621/2004348193-d.html |
| 942 ## - ADDED ENTRY ELEMENTS (KOHA) |
| Koha item type |
ADB |
| 952 ## - LOCATION AND ITEM INFORMATION (KOHA) |
| Withdrawn status [LOCAL, KOHA] |
0 |